000 00831nam a22002417a 4500
003 OSt
005 20140310181736.0
008 130320t xxu||||| |||| 00| 0 eng d
020 _a9781412996471
050 _aPE1128.A2
_bG74 2012
082 _aPE1128.A2
_bG74 2012
245 _aDifferentiated literarcy strategies grades 7-12
_bfor english language learners
_cGayle H. Gregory and Amy Burkman
260 _aCalifornia:
_bCorwin,
_cc2012.
300 _aix, 228p. :
_bill. ;
_c25 cm.
521 _aTeacher
541 _j1
562 _e1
650 _2English language--Study and teaching (Middle school)--Foreign speakers
650 _2 English language--Study and teaching (Secondary)--Foreign speakers
650 _2Content area reading
650 _2Individualized instruction
942 _2lcc
_cBK-TR
_kTR
999 _c2566
_d2566